Denv-infected aedes mosquito from dengue hotspot areas in Kuala Lumpur and Selangor, Malaysia : maps of their distribution, resistance status and enzymatic activities /
Saved in:
| Main Author: | |
|---|---|
| Format: | Thesis Book |
| Language: | English |
| Published: |
2022.
|
| Subjects: | |
| Tags: |
Add Tag
No Tags, Be the first to tag this record!
|
| LEADER | 01635nam a2200397 i 4500 | ||
|---|---|---|---|
| 001 | u1159637 | ||
| 003 | SIRSI | ||
| 005 | 202212011435 | ||
| 008 | 221201t2022 my a 000 0 eng | ||
| 040 | |a UMP |e rda | ||
| 043 | |a a-my--- | ||
| 096 | |a QX4 |b UMP 2022 Wannwma | ||
| 100 | 0 | |a Wan Najdah Wan Mohamad Ali, |e author. | |
| 245 | 1 | 0 | |a Denv-infected aedes mosquito from dengue hotspot areas in Kuala Lumpur and Selangor, Malaysia : |b maps of their distribution, resistance status and enzymatic activities / |c Wan Najdah binti Wan Mohamad Ali. |
| 264 | 4 | |c 2022. | |
| 300 | |a xxv, 241 leaves : |b illustrations ; |c 30 cm | ||
| 336 | |a text |2 rdacontent | ||
| 336 | |a still image |2 rdacontent | ||
| 337 | |a unmediated |2 rdamedia | ||
| 337 | |a computer |2 rdamedia | ||
| 338 | |a volume |2 rdacarrier | ||
| 338 | |a computer disc |2 rdacarrier | ||
| 502 | |b M. Med. Sc. |c Department of Parasitology, Faculty of Medicine, Universiti Malaya |d 2022. | ||
| 504 | |a Bibliography : leaves 185-222. | ||
| 530 | |a Also issued in CD. | ||
| 650 | 1 | 2 | |a Aedes |z Selangor. |
| 650 | 1 | 2 | |a Dengue |z Selangor. |
| 650 | 2 | 2 | |a Biochemical Phenomena |z Selangor. |
| 650 | 2 | 2 | |a Aedes |z Kuala Lumpur (W.P.). |
| 650 | 2 | 2 | |a Dengue |z Kuala Lumpur (W.P.). |
| 650 | 2 | 2 | |a Biochemical Phenomena |z Kuala Lumpur (W.P.). |
| 710 | 2 | 0 | |a Universiti Malaya. |b Jabatan Parasitologi, |e degree granting institution. |
| 900 | |a ND | ||
| 596 | |a 2 | ||
| 999 | |a QX4 UMP 2022 WANNWMA |w NLM |c 1 |i A517614307 |f 15/3/2023 |g 1 |l COUNTER |m P02MEDKL |r Y |s Y |t CD |u 15/3/2023 |0 MEDIC |1 STEM | ||
| 999 | |a QX4 UMP 2022 WANNWMA |w NLM |c 2 |i A517614267 |f 15/3/2023 |g 1 |l STACKS |m P02MEDKL |r Y |s Y |t TESIS |u 15/3/2023 |0 MEDIC |1 STEM | ||
